LEADER 01862nam a2200349 a 4500 001 000000125670 003 CaOOAMICUS 005 20110610141550.0 008 110610s2005 it ach u000 u ita r 020 $z88-7105-230-X* 040 $aPUL$bita 082 04$a270.092 245 00$aGaetano Camillo Guindani, vescovo di Bergamo e la questione della Mensa Vescovile : $b1868-1891 /$ca cura di E. Camozzi, R. Morelli, G. Zanchi. 260 $aMilano :$bGlossa,$c©2005. 300 $aXI, 545 p. :$bill., ritr., facs. (pt. color.) ;$c24 cm 490 1 $aStudi e memorie ;$v10 500 $aSulla riguardia della cop. ant.: "La seconda parte raccoglie i documenti relativi alla questione provenienti dall'Archivio segreto vaticano e dall'Archivio della Curia vescovile di Bergamo". 504 $aBibliografia in nota. 600 14$aGuindani, Gaetano Camillo,$cvesc. di Bergamo,$d1834-1904.$0(OLS)http://pul/subject/15377 610 24$aBergamo (diocesi)$xStoria$y1868-1891.$0(OLS)http://pul/subject/37716 700 1 $aZanchi, Goffredo.$0(OLS)http://pul/name/72200 700 1 $aCamozzi, Ermenegildo,$csac.$0(OLS)http://pul/name/79593 700 1 $aMorelli, Emma Rosetta,$csuora,$d1938-$0(OLS)http://pul/name/79594 830 0$aStudi e memorie (pubblicazioni del Seminario di Bergamo) ;$v10.$0(OLS)http://pul/title/3873 850 $aPUL 852 $aPUL$W1$xSL Religione 3$y85$m270. 092 GUIGA 1$j144759$qDDC 21$B143773$CPULBib$Z2$F143773 $H117498 $82 941 1 $a9 996 $6020$z88-7105-230-X*$9(OLS)http://pul/number/147462 996 $6082$a270.092$9(OLS)http://pul/classification/509 996 $6245$aGaetano Camillo Guindani, vescovo di Bergamo e la questione della Mensa Vescovile : $b1868-1891$9(OLS)http://pul/title/158475 996 $6260$aMilano :$bGlossa$9(OLS)http://pul/publisher/53656 LEADER 01627nam a2200361 a 4500 001 000000165901 003 CaOOAMICUS 005 20220624140222.0 008 180213s2017 it u000 u ita r 020 $a978-88-311-9396-2* 032 $aLibriCat 040 $aPUL$bita 041 1 $aita$heng 082 04$a220.705 130 0 $aJohn 1-10.$lItaliano.$0(OLS)http://pul/title/205611 245 10$aGiovanni 1-10 /$ca cura di Joel C. Elowsky ; edizione italiana a cura di Stefano Poletti ; traduzioni di Idalgo Baldi (1,1-5,29) e Stefano Poletti (5,30-10,42) 260 $aRoma :$bCittà Nuova,$c©2017. 300 $a539 p. ;$c26 cm. 490 1 $aLa Bibbia commentata dai Padri.$aNuovo Testamento ;$v4/1 500 $aComprende riferimenti bibliografici e indice. 630 04$aBiblia.$pN.T.$pIohannes$xCommenti.$0(OLS)http://pul/subject/37921 700 1 $aBaldi, Idalgo.$0(OLS)http://pul/name/106934 700 1 $aPoletti, Stefano.$0(OLS)http://pul/name/106932 700 1 $aElowsky, Joel C.$0(OLS)http://pul/name/106933 830 3$aLa Bibbia commentata dai Padri.$pNuovo Testamento ;$v4/1.$0(OLS)http://pul/title/101707 850 $aPUL 852 $aPUL$W1$xSL Religione 3$y85$m220. 705 COLL 2.4.1$j190383$qDDC 21$B193282$CPULBib$Z2$F193282 $H130276 $81 941 1 $a9 996 $6020$a978-88-311-9396-2*$9(OLS)http://pul/number/163487 996 $6082$a220.705$9(OLS)http://pul/classification/633 996 $6245$aGiovanni 1-10$9(OLS)http://pul/title/205612 996 $6260$aRoma :$bCittà Nuova$9(OLS)http://pul/publisher/47927